000
00297nam a22001337a 4500
008
170525b xxu||||| |||| 00| 0 eng d
020
_a
3802307070
041
_a
eng
080
_a
621.3
100
_a
26
101
_a
IM
245
_a
DIGITALE SIGNALVERARBEITUNG
_c
HESSELMANN,N
942
_2
udc
_c
BK
999
_c
14245
_d
14245